Statistics for Top 15 Happiest Countries - With Exceptions

Click here to take the quiz!

General Stats

  • This quiz has been taken 38 times
  • The average score is 11 of 15

Answer Stats

RateAnswer% Correct
7.103Canada
100%
7.183Australia
89%
7.277New Zealand
89%
6.951United States
89%
6.317Mexico
78%
6.309Chile
75%
6.377Singapore
75%
6.330Brazil
72%
6.223Panama
67%
6.435Uruguay
64%
7.069Costa Rica
61%
6.584Taiwan
56%
6.561United Arab Emirates
56%
6.647Bahrain
44%
6.494Saudi Arabia
42%

Score Distribution

Percentile by Number Answered

Percent of People with Each Score

Your Score History

You have not taken this quiz